Ekonomičeskaja teorija i issledovanije operacij /

Gespeichert in:
Bibliographische Detailangaben
1. Verfasser: Baumol, Wiliam J (Verfasst von)
Weitere Verfasser: Golanskij, M.M (Übersetzung)
Format: Buch
Sprache:Russisch
Veröffentlicht: Moskva, 1965
Schlagworte:
Tags: Tag hinzufügen
Keine Tags, Fügen Sie das erste Tag hinzu!

MARC

LEADER 00000nam a22000003a 4500
001 stu34616
005 20150617225730.4
008 920323s1965----xxr-----------------rus-d
040 |a STU  |b slo 
041 0 |a rus 
044 |a xxr 
080 |a 330.101.541 
100 1 |a Baumol, Wiliam J  |4 aut 
245 1 |a Ekonomičeskaja teorija i issledovanije operacij /  |c [aut.]Wiliam J. Baumol; Z angl. M.M. Golanskij 
260 |a Moskva,  |c 1965 
300 |a 495 s 
650 7 |a makroekonomika  |2 stusub 
650 7 |a princípy  |2 stusub 
700 1 |a Golanskij, M.M  |4 trl 
996 |b 284M013097  |c M*4999-1  |l MMKN  |s A  |a 24  |w stu34616_0001